| 000 | 01055cam a2200301 a 4500 | ||
|---|---|---|---|
| 001 | 4963497 | ||
| 003 | NUST - PNEC | ||
| 005 | 20170116181113.0 | ||
| 008 | 970915s1998 maua b 001 0 eng | ||
| 010 | _a 97031812 | ||
| 020 | _a0534951651 | ||
| 040 |
_aDLC _cLIBRARY _dDLC |
||
| 050 | 0 | 0 |
_aTS183 _b.E47 1998 |
| 082 | 0 | 0 |
_a670.42 ELW _221 |
| 100 | 1 |
_aEl Wakil, Sherif D., _d1944- |
|
| 245 | 1 | 0 |
_aProcesses and design for manufacturing / _cSherif D. El Wakil. |
| 250 | _a2nd ed. | ||
| 260 |
_aBoston : _bPWS Pub. Co., _cc1998. |
||
| 300 |
_ax, 614 p. : _bill. ; _c25 cm. |
||
| 504 | _aIncludes bibliographical references and index. | ||
| 650 | 0 | _aManufacturing processes. | |
| 650 | 0 | _aMetal-work. | |
| 650 | 0 | _aComputer integrated manufacturing systems. | |
| 856 | 4 | 1 |
_3Table of contents only _uhttp://www.loc.gov/catdir/toc/fy0712/97031812.html |
| 906 |
_a7 _bcbc _corignew _d1 _eocip _f19 _gy-gencatlg |
||
| 942 |
_2ddc _cBK |
||
| 999 |
_c69216 _d69216 |
||